| 000 | 00416nam a2200181Ia 4500 | ||
|---|---|---|---|
| 001 | 4269 | ||
| 005 | 20260306145743.0 | ||
| 008 | 260306t2000||||xx |||||||||||||| ||spa|| | ||
| 041 | _aESP | ||
| 082 |
_a320.1 _bJ37 |
||
| 100 |
_aJellinek, Georg _eAUT |
||
| 245 | 0 | _aTeoría general del estado | |
| 260 | _c2000 | ||
| 300 |
_a687 páginas : _c23 cm. |
||
| 650 | _aGEN | ||
| 654 | _aCDE | ||
| 942 |
_cLIB _dJUS _fJUS _2ddc _n |
||
| 999 |
_c4269 _d4269 |
||